000 00916nam a22002295i 4500
001 159324
003 ES-MaACL
005 20230906211540.0
008 000822m18791913gw |||| | ger d
100 1 _aMeltzer, Otto.
_9129814
245 1 0 _aGeschichte der Karthager /
_cvon Otto Meltzer.
260 _aBerlin :
_b[s.n.],
_c1879-1913 (
_fWeidmannsche)
300 _a3 v. ;
_c22 cm.
530 _aDisponible en formato digital.
650 4 _aCartagineses.
_910795
651 4 _aCartago (Ciudad desaparecida)-
_xHistoria.
_9147979
752 _aAlemania -
_dBerlĂ­n
852 _aES-MaACL
_jG-2906-08
_z- Enc. pasta
856 _uhttps://archive.org/details/geschichtederkar01melt
_zInternet Archive
_z(V. 1)
856 _uhttps://archive.org/details/geschichtederkar02melt
_zInternet Archive
_z(V. 2)
856 _uhttps://archive.org/details/geschichtederkar03melt/page/n5/mode/2up
_zInternet Archive
_z(V. 3)
999 _c159324
_d159324